| 000 | 00491nam a2200181Ia 4500 | ||
|---|---|---|---|
| 001 | 18501 | ||
| 005 | 20260306171635.0 | ||
| 008 | 260306s9999||||xx |||||||||||||| ||und|| | ||
| 041 | _aESP | ||
| 082 |
_a658.406 _bL86 |
||
| 100 |
_aLópez, Antonio _eAUT |
||
| 245 | 0 |
_aLa innovación de las personas como objetivo del coaching: _buna nueva filosofía para la empresa |
|
| 260 | _c2007 | ||
| 300 |
_a188 páginas : _c24 cm. |
||
| 650 | _aGEN | ||
| 654 | _aCAN | ||
| 942 |
_cLIB _dJUS _fJUS _2ddc _n |
||
| 999 |
_c18501 _d18501 |
||